<?xml version="1.0" encoding="UTF-8"?>
<record
    xmlns:xsi="http://www.w3.org/2001/XMLSchema-instance"
    xsi:schemaLocation="http://www.loc.gov/MARC21/slim http://www.loc.gov/standards/marcxml/schema/MARC21slim.xsd"
    xmlns="http://www.loc.gov/MARC21/slim">

  <leader>03378cam a2200349 a 4500</leader>
  <datafield tag="999" ind1=" " ind2=" ">
    <subfield code="c">61309</subfield>
    <subfield code="d">61309</subfield>
  </datafield>
  <controlfield tag="001">15292105</controlfield>
  <controlfield tag="005">20240202102331.0</controlfield>
  <controlfield tag="008">080507s2008    nyua     b    001 0 eng  </controlfield>
  <datafield tag="010" ind1=" " ind2=" ">
    <subfield code="a">  2008273687</subfield>
  </datafield>
  <datafield tag="020" ind1=" " ind2=" ">
    <subfield code="a">9780307389008 X (pbk.)</subfield>
  </datafield>
  <datafield tag="040" ind1=" " ind2=" ">
    <subfield code="a">DLC</subfield>
    <subfield code="c">DLC</subfield>
  </datafield>
  <datafield tag="043" ind1=" " ind2=" ">
    <subfield code="a">n-us---</subfield>
  </datafield>
  <datafield tag="050" ind1="0" ind2="0">
    <subfield code="a">JK468.I6</subfield>
    <subfield code="b">W44 2008</subfield>
  </datafield>
  <datafield tag="080" ind1=" " ind2=" ">
    <subfield code="a">342.511(73)+355 W-42</subfield>
  </datafield>
  <datafield tag="100" ind1="1" ind2=" ">
    <subfield code="a">Weiner, Tim.</subfield>
    <subfield code="9">21182</subfield>
  </datafield>
  <datafield tag="245" ind1="1" ind2="0">
    <subfield code="a">Legacy of ashes :</subfield>
    <subfield code="b">the history of the CIA /</subfield>
    <subfield code="c">Tim Weiner ; [with a new afterword].</subfield>
  </datafield>
  <datafield tag="250" ind1=" " ind2=" ">
    <subfield code="a">1st Anchor Books ed.</subfield>
  </datafield>
  <datafield tag="260" ind1=" " ind2=" ">
    <subfield code="a">New York :</subfield>
    <subfield code="b">Anchor Books,</subfield>
    <subfield code="c">2008.</subfield>
  </datafield>
  <datafield tag="300" ind1=" " ind2=" ">
    <subfield code="a">xxii, 812 p. :</subfield>
    <subfield code="b">ill. ;</subfield>
    <subfield code="c">21 cm.</subfield>
  </datafield>
  <datafield tag="504" ind1=" " ind2=" ">
    <subfield code="a">Includes bibliographical references (p. [607]-778) and index.</subfield>
  </datafield>
  <datafield tag="505" ind1="0" ind2=" ">
    <subfield code="a">"In the beginning, we knew nothing" : the CIA under Truman, 1945-1953 -- "A strange kind of genius" : the CIA under Eisenhower, 1953 to 1961 -- Lost causes : the CIA under Kennedy and Johnson, 1961 to 1968 -- "Get rid of the clowns" : the CIA under Nixon and Ford, 1968 to 1977 -- Victory without joy : the CIA under Carter, Reagan, and George H.W. Bush, 1977 to 1993 -- The reckoning : the CIA under Clinton and George W. Bush, 1993 to 2007.</subfield>
  </datafield>
  <datafield tag="505" ind1="0" ind2=" ">
    <subfield code="a">Intelligence must be global and totalitarian -- The logic of force -- Fight fire with fire -- The most secret thing -- A rich blind man -- They were suicide missions -- A vast field of illusion -- We have no plan -- CIA's greatest single triumph -- Bomb repeat bomb -- And then we'll have a storm -- We ran it in a different way -- Wishful blindness -- Ham-handed operations of all kinds -- A very strange war -- He was lying down and he was lying up -- Nobody knew what to do -- We had also fooled ourselves -- We'd be delighted to trade those missiles -- Hey, boss, we did a good job, didn't we? -- I thought it was a conspiracy -- An ominous drift -- More courage than wisdom -- The beginning of a long slide downwards -- We knew then that we could not win the war -- A political H-bomb -- Track down the foreign communists -- What the hell do those clowns do out there in Langley? -- USG wants a military solution -- We are going to catch a lot of hell -- To change the concept of a secret service -- A classic fascist ideal -- The CIA would be destroyed -- Saigon signing off -- Ineffective and scared -- He sought to overthrow their system -- We were just plain asleep -- A free-lance buccaneer -- In a dangerous way -- He was running a great risk -- A con man's con man -- To think the unthinkable -- What are we going to do when the wall comes down? -- We had no facts -- Why in the world didn't we know? -- We're in trouble -- The threat could not be more real -- The dark side -- A grave mistake -- The burial ceremony.</subfield>
  </datafield>
  <datafield tag="610" ind1="1" ind2="0">
    <subfield code="a">United States.</subfield>
    <subfield code="b">Central Intelligence Agency</subfield>
    <subfield code="x">History.</subfield>
    <subfield code="9">21183</subfield>
  </datafield>
  <datafield tag="650" ind1=" " ind2="0">
    <subfield code="a">Intelligence service</subfield>
    <subfield code="z">United States</subfield>
    <subfield code="x">History.</subfield>
    <subfield code="9">21184</subfield>
  </datafield>
  <datafield tag="651" ind1=" " ind2="0">
    <subfield code="a">United States</subfield>
    <subfield code="x">History</subfield>
    <subfield code="y">1945-</subfield>
    <subfield code="9">21185</subfield>
  </datafield>
  <datafield tag="653" ind1=" " ind2=" ">
    <subfield code="a">&#x10E8;&#x10D4;&#x10D4;&#x10E0;&#x10D7;&#x10D4;&#x10D1;&#x10E3;&#x10DA;&#x10D8; &#x10E8;&#x10E2;&#x10D0;&#x10E2;&#x10D4;&#x10D1;&#x10D8; &#x10D8;&#x10E1;&#x10E2;&#x10DD;&#x10E0;&#x10D8;&#x10D0;</subfield>
  </datafield>
  <datafield tag="653" ind1=" " ind2=" ">
    <subfield code="a">&#x10D3;&#x10D0;&#x10D6;&#x10D5;&#x10D4;&#x10E0;&#x10D5;&#x10D8;&#x10E1; &#x10E1;&#x10D0;&#x10DB;&#x10E1;&#x10D0;&#x10EE;&#x10E3;&#x10E0;&#x10D8;</subfield>
  </datafield>
  <datafield tag="653" ind1=" " ind2=" ">
    <subfield code="a">&#x10E1;&#x10D0;&#x10DB;&#x10D0;&#x10E0;&#x10D7;&#x10D0;&#x10DA;&#x10D8;</subfield>
  </datafield>
  <datafield tag="906" ind1=" " ind2=" ">
    <subfield code="a">7</subfield>
    <subfield code="b">cbc</subfield>
    <subfield code="c">origcop</subfield>
    <subfield code="d">1</subfield>
    <subfield code="e">ncip</subfield>
    <subfield code="f">20</subfield>
    <subfield code="g">y-gencatlg</subfield>
  </datafield>
  <datafield tag="942" ind1=" " ind2=" ">
    <subfield code="2">udc</subfield>
    <subfield code="c">&#x1CAC;&#x1C98;&#x1C92;&#x1C9C;&#x1C98;</subfield>
  </datafield>
  <datafield tag="955" ind1=" " ind2=" ">
    <subfield code="a">pv11 2008-05-07 z-processor HAND CARRY to SSCD</subfield>
    <subfield code="i">sf03 2008-05-20</subfield>
    <subfield code="a">aa19 2008-05-20</subfield>
    <subfield code="a">Barcode 00266343061 returned from bindery 2010-03-10</subfield>
    <subfield code="b">hb09 2017-02-14 copy to LOAN</subfield>
  </datafield>
  <datafield tag="952" ind1=" " ind2=" ">
    <subfield code="0">0</subfield>
    <subfield code="1">0</subfield>
    <subfield code="2">udc</subfield>
    <subfield code="4">0</subfield>
    <subfield code="6">34251173355_W42</subfield>
    <subfield code="7">0</subfield>
    <subfield code="9">97785</subfield>
    <subfield code="a">CPL</subfield>
    <subfield code="b">CPL</subfield>
    <subfield code="c">GEN</subfield>
    <subfield code="d">2024-02-02</subfield>
    <subfield code="g">84.00</subfield>
    <subfield code="o">342.511(73)+355 W-42</subfield>
    <subfield code="p">67227</subfield>
    <subfield code="r">2024-02-02</subfield>
    <subfield code="t">67227</subfield>
    <subfield code="w">2024-02-02</subfield>
    <subfield code="y">&#x1CAC;&#x1C98;&#x1C92;&#x1C9C;&#x1C98;</subfield>
    <subfield code="z">84.00</subfield>
  </datafield>
</record>
